[Event "WYCC U18 Girls 2019"]
[Site "Mumbai"]
[Date "2019.10.06"]
[Round "6.7"]
[White "Makhija, Aashna"]
[Black "Obolentseva, Alexandra"]
[Result "1/2-1/2"]
[WhiteElo "2084"]
[BlackElo "2282"]
[Annotator "ChessBase"]
[PlyCount "62"]
[EventDate "2019.10.02"]
[EventType "swiss"]
[EventCountry "IND"]
[SourceTitle "playchess.com"]
[Source "ChessBase"]
[SourceQuality "1"]
[TimeControl "40/5400+30:1800+30"]

1. e4 {[%emt 0:00:00]} c5 {[%emt 0:00:00]} 2. Nf3 {[%emt 0:00:00]} d6 {[%emt 0:00:00]} 3. d4 {[%emt 0:00:16]} cxd4 {[%emt 0:00:00]} 4. Nxd4 {[%emt 0:00:19]} Nf6 {[%emt 0:00:01]} 5. Nc3 {[%emt 0:00:14]} a6 {[%emt 0:00:08]} 6. Be3 {[%emt 0:00:23]} g6 {[%emt 0:01:25]} 7. f3 {[%emt 0:02:46]} Bg7 {[%emt 0:00:10]} 8. Qd2 {[%emt 0:01:31]} b5 {[%emt 0:00:21]} 9. a4 {[%emt 0:02:22]} b4 {[%emt 0:04:53]} 10. Na2 {[%emt 0:00:45]} a5 {[%emt 0:01:20]} 11. Bb5+ {[%emt 0:02:59]} Bd7 {[%emt 0:02:00]} 12. c3 {[%emt 0:01:14]} bxc3 {[%emt 0:00:48]} 13. Nxc3 {[%emt 0:01:29]} O-O {[%emt 0:00:14]} 14. O-O {[%emt 0:06:06]} Qc7 {[%emt 0:08:05]} 15. Rab1 {[%emt 0:07:21]} Na6 {[%emt 0:10:47]} 16. Bxa6 {[%emt 0:11:38]} Rxa6 {[%emt 0:00:08]} 17. Ndb5 {[%emt 0:01:20]} Qd8 {[%emt 0:04:08]} 18. Rfc1 {[%emt 0:04:28]} Ra8 {[%emt 0:05:20]} 19. Bd4 {[%emt 0:10:02]} Ne8 {[%emt 0:04:48]} 20. Nd5 {[%emt 0:07:06]} Bxd4+ {[%emt 0:02:24]} 21. Qxd4 {[%emt 0:00:16]} Ng7 {[%emt 0:00:43]} 22. Ndc7 {[%emt 0:04:16]} Ne6 {[%emt 0:01:25]} 23. Nxe6 {[%emt 0:05:48]} fxe6 {[%emt 0:00:38]} 24. Nc7 {[%emt 0:15:16]} Rb8 {[%emt 0:03:18]} 25. Qa7 {[%emt 0:03:02]} Rb4 {[%emt 0:00:33]} 26. b3 {[%emt 0:00:47]} Qb8 {[%emt 0:00:32]} 27. Qxa5 {[%emt 0:02:49]} Rxb3 {[%emt 0:00:09]} 28. Nb5 {[%emt 0:00:51]} Rxb1 {[%emt 0:00:54]} 29. Rxb1 {[%emt 0:00:08]} Qc8 {[%emt 0:02:22]} 30. Qb4 {[%emt 0:05:31]} Qc6 {[%emt 0:01:09]} 31. Nd4 {[%emt 0:01:36]} Qxa4 {[%emt 0:00:51]} 1/2-1/2

[Event "WYCC U18 Girls 2019"]
[Site "Mumbai"]
[Date "2019.10.06"]
[Round "6.8"]
[White "Cervantes Landeiro, Thalia"]
[Black "Urh, Zala"]
[Result "1-0"]
[WhiteElo "2176"]
[BlackElo "2105"]
[Annotator "ChessBase"]
[PlyCount "69"]
[EventDate "2019.10.02"]
[EventType "swiss"]
[EventCountry "IND"]
[SourceTitle "playchess.com"]
[Source "ChessBase"]
[SourceQuality "1"]
[TimeControl "40/5400+30:1800+30"]

1. d4 {[%emt 0:00:00]} Nf6 {[%emt 0:00:00]} 2. c4 {[%emt 0:00:00]} e6 {[%emt 0:00:00]} 3. Nf3 {[%emt 0:00:00]} d5 {[%emt 0:00:00]} 4. Nc3 {[%emt 0:00:00]} Bb4 {[%emt 0:00:02]} 5. Qa4+ {[%emt 0:00:21]} Nc6 {[%emt 0:00:16]} 6. Bd2 {[%emt 0:00:59]} O-O {[%emt 0:02:03]} 7. e3 {[%emt 0:00:26]} dxc4 {[%emt 0:01:05]} 8. Bxc4 {[%emt 0:00:37]} Bd6 {[%emt 0:00:10]} 9. Rd1 {[%emt 0:09:10]} e5 {[%emt 0:00:30]} 10. d5 {[%emt 0:03:56]} Ne7 {[%emt 0:02:22]} 11. e4 {[%emt 0:01:45]} h6 {[%emt 0:06:39]} 12. O-O {[%emt 0:05:23]} a6 {[%emt 0:13:07]} 13. Qc2 {[%emt 0:05:48]} c6 {[%emt 0:05:23]} 14. dxc6 {[%emt 0:01:23]} Nxc6 {[%emt 0:00:11]} 15. h3 {[%emt 0:06:24]} Qe7 {[%emt 0:02:57]} 16. Rfe1 {[%emt 0:05:04]} Nb4 {[%emt 0:05:27]} 17. Qb1 {[%emt 0:07:35]} b5 {[%emt 0:01:41]} 18. Bb3 {[%emt 0:01:30]} Be6 {[%emt 0:08:18]} 19. Nd5 {[%emt 0:07:13]} Bxd5 {[%emt 0:12:52]} 20. exd5 {[%emt 0:01:02]} e4 {[%emt 0:01:23]} 21. Bc3 {[%emt 0:09:33]} Qc7 {[%emt 0:07:57]} 22. Bxf6 {[%emt 0:05:47]} exf3 {[%emt 0:00:25]} 23. Bc3 {[%emt 0:00:35]} a5 {[%emt 0:03:27]} 24. Qf5 {[%emt 0:06:05]} a4 {[%emt 0:06:41]} 25. a3 {[%emt 0:12:22]} axb3 {[%emt 0:02:26]} 26. axb4 {[%emt 0:00:03]} fxg2 {[%emt 0:06:58]} 27. Kxg2 {[%emt 0:00:16]} Rfe8 {[%emt 0:01:18]} 28. Kh1 {[%emt 0:01:26]} Rxe1+ {[%emt 0:03:41]} 29. Rxe1 {[%emt 0:00:01]} Rd8 {[%emt 0:00:01]} 30. Rg1 {[%emt 0:01:47]} Qd7 {[%emt 0:06:59]} 31. Rxg7+ {[%emt 0:00:29]} Kf8 {[%emt 0:00:01]} 32. Qf3 {[%emt 0:06:00]} Bxb4 {[%emt 0:00:18]} 33. Rg8+ {[%emt 0:00:27]} Kxg8 {[%emt 0:00:16]} 34. Qg3+ {[%emt 0:00:07]} Kf8 {[%emt 0:00:16]} 35. Bxb4+ {[%emt 0:00:09]} 1-0

[Event "WYCC U18 Girls 2019"]
[Site "Mumbai"]
[Date "2019.10.06"]
[Round "6.9"]
[White "Sowa, Wiktoria"]
[Black "Yan, Tianqi"]
[Result "0-1"]
[WhiteElo "2016"]
[BlackElo "2236"]
[Annotator "ChessBase"]
[PlyCount "92"]
[EventDate "2019.10.02"]
[EventType "swiss"]
[EventCountry "IND"]
[SourceTitle "playchess.com"]
[Source "ChessBase"]
[SourceQuality "1"]
[TimeControl "40/5400+30:1800+30"]

1. Nf3 Nf6 2. e3 d5 3. c4 e6 4. b3 c5 5. Bb2 Nc6 6. cxd5 exd5 7. Bb5 Bd7 8. O-O Bd6 9. d4 cxd4 10. Nxd4 O-O 11. Be2 Rc8 12. Nd2 Bb8 13. Rc1 Nxd4 14. Bxd4 Ne4 15. Rxc8 Bxc8 16. Nf3 Bg4 17. Ne5 Bxe2 18. Qxe2 Qc7 19. g3 f6 20. Nd3 Qd7 21. Rc1 Qf5 22. Ne1 Ng5 23. Qc2 Qh3 24. Qd3 Rd8 25. Bb2 Qe6 26. Rc2 Qe4 27. Qxe4 dxe4 28. Kf1 Nf3 29. Nxf3 exf3 30. Ke1 Bd6 31. Bc3 Kf7 32. Rd2 Ke6 33. Rd4 Rc8 34. Kd2 Be5 35. Rd3 Bxc3+ 36. Rxc3 Rxc3 37. Kxc3 Kf5 38. h3 Ke4 39. a4 a5 40. Kc4 h5 41. Kc3 g5 42. Kc4 b6 43. Kc3 f5 44. Kc4 h4 45. gxh4 g4 46. h5 gxh3 {Kd4# Ke5+} 0-1

[Event "WYCC U18 Girls 2019"]
[Site "Mumbai"]
[Date "2019.10.06"]
[Round "6.10"]
[White "Shpanko, Nadiia"]
[Black "Hamedi Nia, Vesal"]
[Result "0-1"]
[WhiteElo "2213"]
[BlackElo "2057"]
[Annotator "ChessBase"]
[PlyCount "36"]
[EventDate "2019.10.02"]
[EventType "swiss"]
[EventCountry "IND"]
[SourceTitle "playchess.com"]
[Source "ChessBase"]
[SourceQuality "1"]
[TimeControl "40/5400+30:1800+30"]

1. d4 {[%emt 0:00:00]} d5 {[%emt 0:00:00]} 2. Nf3 {[%emt 0:00:00]} Nf6 {[%emt 0:00:05]} 3. g3 {[%emt 0:00:00]} Bf5 {[%emt 0:00:58]} 4. Bg2 {[%emt 0:00:14]} c6 {[%emt 0:00:16]} 5. O-O {[%emt 0:00:32]} e6 {[%emt 0:02:21]} 6. c4 {[%emt 0:06:37]} Be7 {[%emt 0:06:42]} 7. Nbd2 {[%emt 0:05:29]} h6 {[%emt 0:02:38]} 8. c5 {[%emt 0:09:18]} b6 {[%emt 0:05:57]} 9. cxb6 {[%emt 0:00:14]} Qxb6 {[%emt 0:02:15]} 10. Nb1 {[%emt 0:10:09]} O-O {[%emt 0:03:46]} 11. Nc3 {[%emt 0:00:06]} Nbd7 {[%emt 0:02:11]} 12. Re1 {[%emt 0:12:13]} Rac8 {[%emt 0:07:07]} 13. Na4 {[%emt 0:12:47]} Qa6 {[%emt 0:13:21]} 14. Nd2 {[%emt 0:17:38]} c5 {[%emt 0:05:59]} 15. dxc5 {[%emt 0:03:23]} Nxc5 {[%emt 0:00:46]} 16. Nxc5 {[%emt 0:00:04]} Bxc5 {[%emt 0:00:21]} 17. e4 {[%emt 0:01:12]} Bxf2+ {[%emt 0:03:25]} 18. Kxf2 {[%emt 0:03:47]} Ng4+ {[%emt 0:00:13]} 0-1

[Event "WYCC U18 Girls 2019"]
[Site "Mumbai"]
[Date "2019.10.06"]
[Round "6.11"]
[White "Nilssen, Ellen Fredericia"]
[Black "Swiech, Joanna"]
[Result "1/2-1/2"]
[WhiteElo "2137"]
[BlackElo "2054"]
[Annotator "ChessBase"]
[PlyCount "61"]
[EventDate "2019.10.02"]
[EventType "swiss"]
[EventCountry "IND"]
[SourceTitle "playchess.com"]
[Source "ChessBase"]
[SourceQuality "1"]
[TimeControl "40/5400+30:1800+30"]

1. d4 {[%emt 0:00:00]} d5 {[%emt 0:00:00]} 2. c4 {[%emt 0:00:00]} e6 {[%emt 0:00:00]} 3. g3 {[%emt 0:00:00]} Nf6 {[%emt 0:00:00]} 4. Bg2 {[%emt 0:00:00]} c6 {[%emt 0:01:51]} 5. Nf3 {[%emt 0:00:17]} Bd6 {[%emt 0:00:43]} 6. O-O {[%emt 0:02:01]} Nbd7 {[%emt 0:01:41]} 7. Qc2 {[%emt 0:03:14]} O-O {[%emt 0:04:27]} 8. b3 {[%emt 0:03:27]} Ne4 {[%emt 0:06:31]} 9. Bb2 {[%emt 0:03:20]} Qc7 {[%emt 0:03:05]} 10. Nc3 {[%emt 0:06:31]} f5 {[%emt 0:05:20]} 11. a4 {[%emt 0:07:15]} Ndf6 {[%emt 0:04:12]} 12. Ne1 {[%emt 0:08:44]} Bd7 {[%emt 0:04:41]} 13. Nd3 {[%emt 0:02:53]} b6 {[%emt 0:06:58]} 14. Rac1 {[%emt 0:03:20]} Rac8 {[%emt 0:02:02]} 15. e3 {[%emt 0:03:47]} Nxc3 {[%emt 0:01:57]} 16. Qxc3 {[%emt 0:01:22]} Ne4 {[%emt 0:01:00]} 17. Qe1 {[%emt 0:00:44]} Qd8 {[%emt 0:08:05]} 18. Qe2 {[%emt 0:06:29]} Qe7 {[%emt 0:01:47]} 19. Rc2 {[%emt 0:03:12]} c5 {[%emt 0:21:49]} 20. Rfc1 {[%emt 0:10:39]} dxc4 {[%emt 0:00:59]} 21. Rxc4 {[%emt 0:00:28]} cxd4 {[%emt 0:01:32]} 22. Rxc8 {[%emt 0:03:49]} Rxc8 {[%emt 0:00:07]} 23. Rxc8+ {[%emt 0:05:52]} Bxc8 {[%emt 0:00:08]} 24. exd4 {[%emt 0:00:12]} Bb7 {[%emt 0:03:21]} 25. Ne5 {[%emt 0:02:11]} Bxe5 {[%emt 0:02:21]} 26. dxe5 {[%emt 0:01:18]} Qc5 {[%emt 0:01:08]} 27. h4 {[%emt 0:04:29]} Bd5 {[%emt 0:07:27]} 28. Bxe4 {[%emt 0:04:21]} Bxe4 {[%emt 0:01:39]} 29. Qd2 {[%emt 0:00:21]} Qd5 {[%emt 0:00:44]} 30. Qxd5 {[%emt 0:00:06]} Bxd5 {[%emt 0:00:22]} 31. b4 {[%emt 0:00:06]} 1/2-1/2

[Event "WYCC U18 Girls 2019"]
[Site "Mumbai"]
[Date "2019.10.06"]
[Round "6.12"]
[White "Tarini Goyal"]
[Black "Khachatryan, Anna"]
[Result "1/2-1/2"]
[WhiteElo "2128"]
[BlackElo "2044"]
[Annotator "ChessBase"]
[PlyCount "70"]
[EventDate "2019.10.02"]
[EventType "swiss"]
[EventCountry "IND"]
[SourceTitle "playchess.com"]
[Source "ChessBase"]
[SourceQuality "1"]
[TimeControl "40/5400+30:1800+30"]

1. d4 Nf6 2. Nf3 g6 3. g3 Bg7 4. Bg2 O-O 5. c4 c5 6. d5 d6 7. Nc3 e6 8. O-O exd5 9. cxd5 Re8 10. Re1 a6 11. a4 Nbd7 12. Qc2 Ne5 13. Nxe5 Rxe5 14. Bf4 Re8 15. h3 Nh5 16. Bd2 f5 17. a5 Bd7 18. Na4 Bb5 19. Nb6 Rb8 20. Bc3 Nf6 21. b3 Ne4 22. Bxg7 Kxg7 23. Qb2+ Qf6 24. Qxf6+ Kxf6 25. e3 Re7 26. Ra2 Kf7 27. Rc1 Rd8 28. Bf1 Nf6 29. b4 Bxf1 30. Kxf1 cxb4 31. Rb2 Ne4 32. Rxb4 Nc5 33. Ke2 Kf6 34. Rc2 Rc7 35. Rbc4 Re7 1/2-1/2

[Event "WYCC U18 Girls 2019"]
[Site "Mumbai"]
[Date "2019.10.06"]
[Round "6.13"]
[White "Aciu, Malina-Andreea"]
[Black "Zeliantsova, Kseniya"]
[Result "1-0"]
[WhiteElo "2076"]
[BlackElo "1994"]
[Annotator "NA"]
[PlyCount "53"]
[EventDate "2019.10.02"]
[EventType "swiss"]
[EventCountry "IND"]
[SourceTitle "playchess.com"]
[Source "ChessBase"]
[SourceQuality "1"]
[TimeControl "40/5400+30:1800+30"]

1. e4 {[%emt 0:00:00]} d6 {[%emt 0:00:00]} 2. d4 {[%emt 0:00:00]} Nf6 {[%emt 0:00:00]} 3. Nc3 {[%emt 0:00:00]} g6 {[%emt 0:00:00]} 4. Be3 {[%emt 0:00:00]} Bg7 {[%emt 0:00:02]} 5. Qd2 {[%emt 0:00:00]} O-O {[%emt 0:00:36]} 6. f3 {[%emt 0:00:06]} c6 {[%emt 0:00:47]} 7. g4 {[%emt 0:08:24]} b5 {[%emt 0:11:40]} 8. h4 {[%emt 0:14:32]} Qa5 {[%emt 0:06:23]} 9. h5 {[%emt 0:11:51]} e5 {[%emt 0:07:01]} 10. dxe5 {[%emt 0:06:08]} dxe5 {[%emt 0:00:06]} 11. Bh6 {[%emt 0:08:16]} Rd8 {[%emt 0:05:30]} 12. Bd3 {[%emt 0:02:31]} Nbd7 {[%emt 0:10:15]} 13. Bxg7 {[%emt 0:07:03]} Kxg7 {[%emt 0:00:08]} 14. hxg6 {[%emt 0:05:00]} fxg6 $16 {[%emt 0:00:34]} 15. Nh3 {[%emt 0:22:46]} Nf8 {[%emt 0:02:53]} 16. O-O {[%emt 0:04:41]} c5 {[%emt 0:08:45]} 17. Qh2 {[%emt 0:00:27]} c4 {[%emt 0:02:04]} 18. Be2 {[%emt 0:01:14]} Qb6+ {[%emt 0:01:27]} 19. Kh1 {[%emt 0:00:31]} N8d7 {[%emt 0:08:35]} 20. g5 {[%emt 0:00:45]} Nh5 {[%emt 0:03:41]} 21. Nd5 {[%emt 0:01:13]} Qc5 {[%emt 0:00:17]} 22. f4 {[%emt 0:00:54]} Nxf4 {[%emt 0:00:09]} 23. Nhxf4 {[%emt 0:00:07]} exf4 {[%emt 0:00:13]} 24. Rxf4 {[%emt 0:01:29]} Bb7 25. Qh6+ {[%emt 0:00:12]} Kg8 {[%emt 0:15:28]} 26. Rh4 {[%emt 0:00:54]} Nf8 {[%emt 0:00:19]} 27. Rf1 {[%emt 0:00:45]} 1-0

[Event "WYCC U18 Girls 2019"]
[Site "Mumbai"]
[Date "2019.10.06"]
[Round "6.14"]
[White "Nomindalai Tumurbaatar"]
[Black "Laurincova, Kristyna"]
[Result "1-0"]
[WhiteElo "2061"]
[BlackElo "2006"]
[Annotator "NA"]
[PlyCount "83"]
[EventDate "2019.10.02"]
[EventType "swiss"]
[EventCountry "IND"]
[SourceTitle "playchess.com"]
[Source "ChessBase"]
[SourceQuality "1"]
[TimeControl "40/5400+30:1800+30"]

1. d4 e6 2. Bf4 c5 (2... Nf6 3. e3 d5 4. c4 Bd6 5. Bxd6 cxd6 6. Nc3 dxc4 7. Bxc4 O-O 8. Nf3 a6 9. O-O b5 10. Bd3 Bb7 11. Qe2 Nbd7 12. a4 {1-0 (44) Karjakin,S (2783)-Meier,G (2630) chess.com INT 2017}) 3. e3 Qb6 4. Na3 cxd4 5. Nb5 Qa5+ 6. Qd2 {A40: Unusual replies to 1 d4} Qxd2+ 7. Kxd2 dxe3+ 8. Bxe3 Na6 9. Bxa7 $146 ({Predecessor:} 9. Nxa7 Bc5 10. Bxc5 Nxc5 {0-1 (52) Terbe,J (2263)-Kanakova,N (2134) Tarvisio 2017}) 9... Nf6 10. f3 Be7 11. Ne2 Nd5 12. Bf2 Bg5+ 13. Kd1 Ne3+ 14. Bxe3 Bxe3 15. c3 d5 16. Ned4 O-O 17. Bd3 Nc5 18. Bc2 Bd7 19. Re1 Bf4 20. g3 Bb8 21. Na3 e5 22. Nf5 Re8 $17 23. Ne3 Bc6 24. Kd2 Bc7 25. Nd1 d4 26. Be4 Red8 27. Kc2 Ba4+ 28. b3 d3+ 29. Kb2 Bc6 30. Bxc6 d2 31. Re2 Nd3+ 32. Kb1 Rxa3 33. Bxb7 Nc1 34. Rg2 f5 35. Bc6 Ra5 36. Kc2 Nxa2 37. Ba4 Nc1 38. Rxd2 Nxb3 39. Rxd8+ Bxd8 40. Bxb3+ Kf8 41. Rxa5 Bxa5 42. Kd3 1-0

[Event "WYCC U18 Girls 2019"]
[Site "Mumbai"]
[Date "2019.10.07"]
[Round "7.1"]
[White "Shuvalova, Polina"]
[Black "Afonasieva, Anna"]
[Result "1-0"]
[WhiteElo "2412"]
[BlackElo "2312"]
[Annotator "ChessBase"]
[PlyCount "71"]
[EventDate "2019.10.02"]
[EventType "swiss"]
[EventCountry "IND"]
[SourceTitle "playchess.com"]
[Source "ChessBase"]
[SourceQuality "1"]
[TimeControl "40/5400+30:1800+30"]

1. e4 {[%emt 0:00:00]} c5 {[%emt 0:00:00]} 2. Nf3 {[%emt 0:00:00]} d6 {[%emt 0:00:00]} 3. d4 {[%emt 0:00:00]} cxd4 {[%emt 0:00:00]} 4. Nxd4 {[%emt 0:00:00]} Nf6 {[%emt 0:00:00]} 5. Nc3 {[%emt 0:00:04]} a6 {[%emt 0:00:00]} 6. Be2 {[%emt 0:00:28]} e5 {[%emt 0:00:07]} 7. Nb3 {[%emt 0:00:05]} Be7 {[%emt 0:00:11]} 8. O-O {[%emt 0:00:10]} O-O {[%emt 0:00:23]} 9. Kh1 {[%emt 0:00:32]} Be6 {[%emt 0:02:04]} 10. f4 {[%emt 0:00:10]} Qc7 {[%emt 0:04:48]} 11. f5 {[%emt 0:00:07]} Bd7 {[%emt 0:03:44]} 12. g4 {[%emt 0:01:28]} Bc6 {[%emt 0:03:17]} 13. Bf3 {[%emt 0:00:30]} h6 {[%emt 0:01:51]} 14. h4 {[%emt 0:04:07]} Nh7 {[%emt 0:03:16]} 15. g5 {[%emt 0:08:20]} hxg5 {[%emt 0:04:28]} 16. Rg1 {[%emt 0:00:15]} gxh4 {[%emt 0:17:13]} 17. Bh6 {[%emt 0:03:28]} Bf6 {[%emt 0:00:56]} 18. Qd2 {[%emt 0:10:25]} Kh8 {[%emt 0:03:15]} 19. Be3 {[%emt 0:03:24]} b5 {[%emt 0:05:08]} 20. Rg4 {[%emt 0:05:51]} b4 {[%emt 0:11:48]} 21. Nd5 {[%emt 0:19:03]} Bxd5 {[%emt 0:01:01]} 22. Qxd5 {[%emt 0:01:02]} Nc6 {[%emt 0:01:25]} 23. Rag1 {[%emt 0:02:21]} Ne7 24. Qd2 {[%emt 0:01:01]} d5 {[%emt 0:10:09]} 25. Qh2 {[%emt 0:04:17]} Qd7 {[%emt 0:08:11]} 26. Nc5 {[%emt 0:03:42]} Qc8 {[%emt 0:04:55]} 27. Bf2 {[%emt 0:04:29]} dxe4 {[%emt 0:02:45]} 28. Bxh4 {[%emt 0:00:29]} Ng8 {[%emt 0:06:33]} 29. Bxe4 {[%emt 0:05:41]} Qxc5 {[%emt 0:02:38]} 30. Bf2 {[%emt 0:01:01]} Qe7 {[%emt 0:01:53]} 31. Rxg7 {[%emt 0:00:50]} Bxg7 {[%emt 0:01:58]} 32. Qxh7+ {[%emt 0:00:15]} Kxh7 {[%emt 0:00:03]} 33. f6+ {[%emt 0:00:03]} Kh6 {[%emt 0:00:11]} 34. Be3+ {[%emt 0:00:09]} Kh5 {[%emt 0:00:07]} 35. Bf3+ {[%emt 0:00:07]} Kh4 {[%emt 0:00:11]} 36. Bf2+ {[%emt 0:00:08]} 1-0

[Event "WYCC U18 Girls 2019"]
[Site "Mumbai"]
[Date "2019.10.07"]
[Round "7.2"]
[White "Schulze, Lara"]
[Black "Sliwicka, Alicja"]
[Result "1-0"]
[WhiteElo "2327"]
[BlackElo "2307"]
[Annotator "ChessBase"]
[PlyCount "111"]
[EventDate "2019.10.02"]
[EventType "swiss"]
[EventCountry "IND"]
[SourceTitle "playchess.com"]
[Source "ChessBase"]
[SourceQuality "1"]
[TimeControl "40/5400+30:1800+30"]

1. e4 {[%emt 0:00:00]} c5 {[%emt 0:00:00]} 2. Nf3 {[%emt 0:00:00]} d6 {[%emt 0:00:00]} 3. d4 {[%emt 0:00:00]} cxd4 {[%emt 0:00:00]} 4. Nxd4 {[%emt 0:00:00]} Nf6 {[%emt 0:00:00]} 5. Nc3 {[%emt 0:00:00]} Bd7 {[%emt 0:00:00]} 6. Bg5 {[%emt 0:00:30]} e6 {[%emt 0:00:08]} 7. Ndb5 {[%emt 0:00:27]} Bc6 {[%emt 0:00:09]} 8. Bxf6 {[%emt 0:00:58]} gxf6 {[%emt 0:00:06]} 9. Qh5 {[%emt 0:00:19]} a6 {[%emt 0:00:07]} 10. Nd4 {[%emt 0:00:15]} Qb6 {[%emt 0:00:06]} 11. O-O-O {[%emt 0:04:22]} Qc5 {[%emt 0:00:07]} 12. Qh3 {[%emt 0:11:32]} Nd7 {[%emt 0:12:33]} 13. f4 {[%emt 0:05:40]} b5 {[%emt 0:15:30]} 14. f5 {[%emt 0:13:06]} e5 {[%emt 0:12:26]} 15. Nxc6 {[%emt 0:07:00]} Qxc6 {[%emt 0:00:09]} 16. Nd5 {[%emt 0:01:57]} Rc8 {[%emt 0:02:02]} 17. Bd3 {[%emt 0:00:47]} h5 {[%emt 0:04:27]} 18. Kb1 {[%emt 0:02:23]} Bg7 {[%emt 0:06:15]} 19. Rhe1 {[%emt 0:10:39]} Nb6 {[%emt 0:01:42]} 20. Nb4 {[%emt 0:04:58]} Qb7 {[%emt 0:02:50]} 21. Bf1 {[%emt 0:02:56]} Ke7 {[%emt 0:04:35]} 22. Qa3 {[%emt 0:02:10]} Rhd8 {[%emt 0:10:25]} 23. Qxa6 {[%emt 0:01:36]} Qxa6 {[%emt 0:01:10]} 24. Nxa6 {[%emt 0:00:06]} d5 {[%emt 0:00:46]} 25. exd5 {[%emt 0:03:57]} Nxd5 {[%emt 0:00:15]} 26. Bxb5 {[%emt 0:01:36]} Ne3 {[%emt 0:03:33]} 27. Rxd8 {[%emt 0:02:20]} Rxd8 {[%emt 0:00:06]} 28. Bd3 {[%emt 0:01:24]} Nxg2 {[%emt 0:07:13]} 29. Rg1 {[%emt 0:03:01]} Nf4 {[%emt 0:00:04]} 30. Rxg7 {[%emt 0:02:16]} e4 {[%emt 0:00:11]} 31. Nb4 {[%emt 0:04:17]} Rd6 {[%emt 0:01:04]} 32. Rg3 {[%emt 0:01:42]} Kd8 {[%emt 0:01:54]} 33. a4 {[%emt 0:01:41]} exd3 {[%emt 0:01:12]} 34. Nxd3 {[%emt 0:00:21]} Ne2 {[%emt 0:02:43]} 35. Rg8+ {[%emt 0:02:44]} Kc7 {[%emt 0:01:31]} 36. Rh8 {[%emt 0:01:51]} Rd5 {[%emt 0:04:39]} 37. Rxh5 {[%emt 0:01:11]} Nd4 {[%emt 0:00:07]} 38. b4 {[%emt 0:02:17]} Nxf5 {[%emt 0:00:55]} 39. Kb2 {[%emt 0:00:38]} Kd6 {[%emt 0:00:43]} 40. c4 {[%emt 0:05:10]} Rxd3 {[%emt 0:00:23]} 41. Rxf5 {[%emt 0:30:04]} Rd2+ {[%emt 0:31:25]} 42. Kc3 {[%emt 0:01:43]} Rxh2 {[%emt 0:00:10]} 43. Rxf6+ {[%emt 0:00:00]} Ke5 {[%emt 0:00:00]} 44. Rxf7 {[%emt 0:00:00]} Rh3+ {[%emt 0:00:00]} 45. Kc2 {[%emt 0:00:00]} Rh2+ {[%emt 0:00:00]} 46. Kd3 {[%emt 0:00:00]} Rh3+ {[%emt 0:00:00]} 47. Ke2 {[%emt 0:00:00]} Rb3 {[%emt 0:00:00]} 48. b5 {[%emt 0:00:00]} Ra3 {[%emt 0:00:00]} 49. a5 {[%emt 0:00:00]} Rxa5 {[%emt 0:00:00]} 50. Rd7 {[%emt 0:00:00]} Ra3 51. Kd2 {[%emt 0:00:00]} Rb3 {[%emt 0:00:00]} 52. Kc2 {[%emt 0:00:00]} Rb4 {[%emt 0:00:00]} 53. Kc3 {[%emt 0:00:00]} Rb1 {[%emt 0:00:00]} 54. Rd2 {[%emt 0:00:00]} Ke6 {[%emt 0:00:00]} 55. Rb2 {[%emt 0:00:00]} Rd1 {[%emt 0:00:00]} 56. Re2+ {[%emt 0:00:00] Kd5} 1-0

[Event "WYCC U18 Girls 2019"]
[Site "Mumbai"]
[Date "2019.10.07"]
[Round "7.3"]
[White "Cervantes Landeiro, Thalia"]
[Black "Vantika Agrawal"]
[Result "0-1"]
[WhiteElo "2176"]
[BlackElo "2283"]
[Annotator "ChessBase"]
[PlyCount "128"]
[EventDate "2019.10.02"]
[EventType "swiss"]
[EventCountry "IND"]
[SourceTitle "playchess.com"]
[Source "ChessBase"]
[SourceQuality "1"]
[TimeControl "40/5400+30:1800+30"]

1. d4 {[%emt 0:00:00]} d6 {[%emt 0:00:00]} 2. c4 {[%emt 0:00:00]} e5 {[%emt 0:00:15]} 3. d5 {[%emt 0:00:02]} a5 {[%emt 0:00:20]} 4. Nc3 {[%emt 0:03:01]} Na6 {[%emt 0:00:14]} 5. e4 {[%emt 0:04:43]} Nc5 {[%emt 0:00:33]} 6. Be3 {[%emt 0:01:27]} g6 {[%emt 0:00:56]} 7. Nge2 {[%emt 0:14:21]} Bh6 {[%emt 0:10:06]} 8. f4 {[%emt 0:09:40]} Nf6 {[%emt 0:18:21]} 9. g3 {[%emt 0:07:34]} Nfxe4 {[%emt 0:15:38]} 10. Nxe4 {[%emt 0:02:17]} Nxe4 {[%emt 0:00:04]} 11. Bg2 {[%emt 0:00:50]} Nf6 {[%emt 0:00:40]} 12. O-O {[%emt 0:05:03]} O-O {[%emt 0:01:08]} 13. Bd2 {[%emt 0:02:48]} exf4 {[%emt 0:10:11]} 14. Nxf4 {[%emt 0:02:00]} Bg7 {[%emt 0:05:31]} 15. Bc3 {[%emt 0:04:42]} Bd7 {[%emt 0:05:50]} 16. Qd2 {[%emt 0:03:42]} a4 {[%emt 0:03:39]} 17. Rae1 {[%emt 0:05:14]} Re8 {[%emt 0:03:47]} 18. Rxe8+ {[%emt 0:02:46]} Nxe8 {[%emt 0:01:28]} 19. Ne2 {[%emt 0:08:10]} Bxc3 {[%emt 0:03:45]} 20. Nxc3 {[%emt 0:01:47]} f5 {[%emt 0:02:09]} 21. Ne2 {[%emt 0:05:43]} Ng7 {[%emt 0:02:01]} 22. Qc3 {[%emt 0:02:28]} Qe7 {[%emt 0:01:23]} 23. Nd4 {[%emt 0:02:55]} Re8 {[%emt 0:02:16]} 24. Ne6 {[%emt 0:03:05]} Bxe6 {[%emt 0:04:11]} 25. dxe6 {[%emt 0:00:25]} c6 {[%emt 0:00:10]} 26. Re1 {[%emt 0:00:43]} Nxe6 {[%emt 0:01:47]} 27. Qb4 {[%emt 0:00:55]} Qd7 {[%emt 0:01:55]} 28. Qxa4 {[%emt 0:01:13]} Nc5 {[%emt 0:02:15]} 29. Qd1 {[%emt 0:00:51]} Qf7 {[%emt 0:03:06]} 30. b4 {[%emt 0:01:54]} Rxe1+ {[%emt 0:00:25]} 31. Qxe1 {[%emt 0:00:01]} Nd3 {[%emt 0:00:22]} 32. Qc3 {[%emt 0:00:44]} Ne5 {[%emt 0:00:16]} 33. b5 {[%emt 0:01:29]} Qxc4 {[%emt 0:01:13]} 34. Qxc4+ {[%emt 0:00:13]} Nxc4 {[%emt 0:00:04]} 35. bxc6 {[%emt 0:00:08]} bxc6 {[%emt 0:00:08]} 36. Bxc6 {[%emt 0:00:01]} Kg7 {[%emt 0:00:45]} 37. Bd5 {[%emt 0:01:48]} Na3 {[%emt 0:00:38]} 38. Kf2 {[%emt 0:01:02]} Kf6 {[%emt 0:00:16]} 39. Ke3 {[%emt 0:00:25]} Ke5 {[%emt 0:00:05]} 40. Bb3 {[%emt 0:02:06]} g5 {[%emt 0:00:56]} 41. Bg8 {[%emt 0:05:31]} h6 {[%emt 0:02:16]} 42. h4 {[%emt 0:05:38]} g4 {[%emt 0:13:35]} 43. Bf7 {[%emt 0:05:43]} d5 {[%emt 0:01:11]} 44. Kd3 {[%emt 0:03:04]} Nc4 {[%emt 0:00:55]} 45. Bh5 {[%emt 0:04:24]} Nb6 {[%emt 0:04:16]} 46. Be8 {[%emt 0:02:48]} f4 {[%emt 0:03:06]} 47. gxf4+ {[%emt 0:02:24]} Kxf4 {[%emt 0:00:57]} 48. Bc6 {[%emt 0:02:48]} g3 {[%emt 0:07:07]} 49. Ke2 {[%emt 0:00:15]} Kg4 {[%emt 0:00:33]} 50. Kf1 {[%emt 0:00:52]} Nc4 {[%emt 0:00:59]} 51. Kg1 {[%emt 0:01:04]} d4 {[%emt 0:00:24]} 52. Bd5 {[%emt 0:02:18]} Na3 {[%emt 0:01:14]} 53. Kg2 {[%emt 0:00:27]} d3 {[%emt 0:00:30]} 54. h5 {[%emt 0:00:23]} d2 {[%emt 0:00:11]} 55. Bf3+ {[%emt 0:00:13]} Kf4 {[%emt 0:00:13]} 56. Be2 {[%emt 0:00:29]} Ke3 {[%emt 0:01:05]} 57. Bd1 {[%emt 0:00:36]} Kf4 {[%emt 0:00:12]} 58. Be2 {[%emt 0:00:55]} Nc4 {[%emt 0:00:30]} 59. a4 {[%emt 0:00:37]} Ne3+ {[%emt 0:00:21]} 60. Kg1 {[%emt 0:00:26]} d1=Q+ 61. Bxd1 {[%emt 0:00:05]} Nxd1 {[%emt 0:00:28]} 62. a5 {[%emt 0:00:05]} Nc3 {[%emt 0:00:08]} 63. a6 {[%emt 0:00:09]} Nb5 {[%emt 0:00:03]} 64. Kg2 {[%emt 0:00:04]} Kg4 {[%emt 0:00:04]} 0-1